| 000 | 01257nab a22002537a 4500 | ||
|---|---|---|---|
| 999 |
_c5920 _d5920 |
||
| 003 | OSt | ||
| 005 | 20260114005855.0 | ||
| 008 | 190605e xxu||||| |||| 00| 0 spa d | ||
| 040 | _cPJ | ||
| 100 |
_94565 _aGonzález Rossi, Alejandro |
||
| 245 | 1 | 0 |
_aSobre nuevas formas de remunerar y sus consecuencias. Las Restricted Stock Units (RSU) / _cAlejandro González Rossi. |
| 260 |
_aCiudad Autónoma de Buenos Aires : _bThomson Reuters La Ley, _c2024. |
||
| 300 | _ap. 47-52 | ||
| 500 | _aCita: TR LALEY AR/DOC/2998/2023. | ||
| 505 | _aSumario: I. Introducción. El tema. El salario.— II. El pago con acciones. Las denominadas Stock Options.— III. Las Restricted Stock Units.— IV. Sobre las RSU no devengadas y el derecho a percibirlas. Conclusiones. | ||
| 505 | _t¿Te interesa el texto completo? Solicitalo al correo: koha@justierradelfuego.gov.ar | ||
| 650 | 0 |
_91316 _aDERECHO LABORAL |
|
| 650 | 0 |
_91323 _aCONTRATO DE TRABAJO |
|
| 650 | 0 |
_91318 _aREMUNERACION |
|
| 650 | 0 |
_94925 _aORGANIZACION INTERNACIONAL DEL TRABAJO |
|
| 650 | 0 |
_91354 _aCONVENIOS COLECTIVOS DE TRABAJO |
|
| 773 | 0 |
_02711 _93168 _dCiudad Autónoma de Buenos Aires : Thomson Reuters La Ley, 1999-2002. _tRevista de derecho del trabajo. Nº 1 - Enero 2024 |
|
| 942 |
_2udc _cANA |
||